Transmisiones automáticas / (Record no. 146260)

MARC details
000 -LEADER
campo de control de longitud fija 00691nam a2200205 i 4500
001 - NÚMERO DE CONTROL
campo de control 146260
003 - IDENTIFICADOR DE NÚMERO DE CONTROL
campo de control ES-MaACL
005 - FECHA Y HORA DE LA ÚLTIMA TRANSACCIÓN
campo de control 20230906201454.0
007 - CAMPO FIJO DE DESCRIPCIÓN FÍSICA--INFORMACIÓN GENERAL
campo de control de longitud fija t|
008 - DATOS DE LONGITUD FIJA--INFORMACIÓN GENERAL
campo de control de longitud fija 070906s1960 sp ||||1| spa d
245 00 - MENCIÓN DEL TÍTULO
Título Transmisiones automáticas /
Mención de responsabilidad, etc. por el Cuerpo de Redactores Técnicos de la revista The Motor ; traducción por Amadeo Tomba Rossell.
250 ## - MENCION DE EDICION
Mención de edición 1ª ed.
260 ## - PUBLICACIÓN, DISTRIBUCIÓN, ETC.
Lugar de publicación, distribución, etc. Barcelona :
Nombre del editor, distribuidor, etc. José Montesó,
Fecha de publicación, distribución, etc. 1960.
300 ## - DESCRIPCIÓN FÍSICA
Extensión 115 p. :
Otras características físicas il. ;
Dimensiones 18 cm.
490 1# - MENCIÓN DE SERIE
Mención de serie Guía del Automovilista Práctico ;
Designación de volumen o secuencia 6
700 0# - ENTRADA AGREGADA--NOMBRE PERSONAL
Nombre de persona Tomba Rosell, Amadeo.
9 (RLIN) 110540
830 0# - PUNTO DE ACCESO ADICIONAL DE SERIE-TÍTULO UNIFORME
Título uniforme Guía del Automovilista Práctico ;
Designación de volumen o secuencia 6
9 (RLIN) 220824
852 ## - LOCALIZACIÓN
Ubicación ES-MaACL
Número de control de estantería E-3694
Holdings
Estatus retirado Estado de pérdida Estado de daño No para préstamo Biblioteca de origen Biblioteca actual Ubicación en estantería Fecha de adquisición Fuente de adquisición Total de préstamos Signatura topográfica completa Código de barras Visto por última vez Precio de reemplazo Tipo de ítem Koha
        Biblioteca del Ateneo de Madrid Biblioteca del Ateneo de Madrid Depósito 2 17/01/2008     E-3694 1152660 23/02/2023 23/02/2023 Libro impreso